000
00214nam a2200121Ia 4500
100
_a
#N/A
942
_c
BK
245
_a
Centos 5 DVD i386
260
_b
#N/A
082
_b
21546
546
_a
ENGLISH
999
_c
28841
_d
28841